| Tag |
First Indicator |
Second Indicator |
Subfields |
| LEADER |
00000cem a2200000 a 4500 |
| 001 |
in00001402771 |
| 005 |
20151020052151.0 |
| 007 |
aj canzn |
| 008 |
970818s1997 mduagekbd a f 0 eng d |
| 010 |
|
|
|a gp 97067196
|
| 034 |
1 |
|
|a a
|b 315350
|d W1724000
|e W1673000
|f N0662000
|g N0625000
|
| 035 |
|
|
|a (OCoLC)37485986
|
| 035 |
|
|
|9 AHM2885AM
|
| 037 |
|
|
|a NSN 7642-01-401-1263
|b DOD
|
| 037 |
|
|
|a 16 BCO 16220
|b NIMA
|
| 040 |
|
|
|a GPO
|c GPO
|d DLC
|d MvI
|d UtOrBLW
|
| 052 |
|
|
|a 9237
|b B4
|
| 074 |
|
|
|a 0378-E-21
|
| 086 |
0 |
|
|a D 5.356:16220/997
|
| 110 |
1 |
|
|a United States.
|b National Imagery and Mapping Agency.
|
| 245 |
1 |
0 |
|a Bering Sea, St. Lawrence Island to Bering Strait.
|
| 246 |
3 |
0 |
|a St. Lawrence Island to Bering Strait
|
| 250 |
|
|
|a 5th ed., Feb. 8, 1997 (Correct through NM 6/97).
|
| 255 |
|
|
|a Scale 1:315,350 at Lat. 64⁰30ʹ ;
|b Mercator proj.
|c (W 172 ⁰40ʹ00ʺ--W 167⁰30ʹ00ʺ/N 66⁰20ʹ00ʺ--N 62⁰50ʹ00ʺ).
|
| 264 |
|
1 |
|a [Bethesda, Md.] :
|b The Agency ;
|c [1997]
|
| 264 |
|
2 |
|a [Riverdale, Md.] :
|b [NOAA distribution Division, N/ACC3, National Ocean Service, distributor],
|
| 300 |
|
|
|a 1 map :
|b color ;
|c 125 x 79 cm.
|
| 336 |
|
|
|a cartographic image
|b cri
|2 rdacontent
|
| 337 |
|
|
|a unmediated
|b n
|2 rdamedia
|
| 338 |
|
|
|a sheet
|b nb
|2 rdacarrier
|
| 500 |
|
|
|a Depths shown by isolines and soundings.
|
| 500 |
|
|
|a Relief shown by contours and spot heights.
|
| 500 |
|
|
|a "From various sources to 1993."
|
| 500 |
|
|
|a "Copyright 1997 by the United States Government. No copyritht claimed under Title 17 U.S.C."
|
| 500 |
|
|
|a "Soundings in meters."
|
| 500 |
|
|
|a Cartographic material.
|
| 651 |
|
0 |
|a Bering Sea
|x Navigation.
|
| 651 |
|
0 |
|a Bering Strait
|x Navigation.
|
| 999 |
|
|
|a MARS
|
| 999 |
f |
f |
|s 87c291b3-5f07-31bc-9d6e-88ade18f10b9
|i 1959b01f-c2cc-3bab-a302-c6ec1d96c93d
|t 0
|
| 952 |
f |
f |
|p normal
|a Texas A&M University
|b College Station
|c Sterling C. Evans Library
|d Evans: Maps (2nd floor)
|t 0
|e D 5.356:16220/997
|h Superintendent of Documents classification
|i unmediated -- sheet
|m A14823017803
|
| 998 |
f |
f |
|a D 5.356:16220/997
|t 0
|l Evans: Maps (2nd floor)
|